000 00872nam a2200253 i 4500
001 bg
100 1 _aPABIS, Robert
245 1 0 _aSpółka z ograniczoną odpowiedzialnością /
_cRobert Pabis.
260 _aWarszawa :
_bC. H. Beck,
_c2003.
300 _aXVIII, 759 s. ;
_c25 cm + +
_eCD-ROM.
490 1 _aPisma Spółek Handlowych ;
_vt. 3
500 _aNa grzb. odmienna nazwa serii: PSH.
504 _aBibliogr. Indeks.
650 9 _aSpółki z ograniczoną odpowiedzialnością
_xprawo
_zPolska
_ystan na 2003 r.
830 _aPisma Spółek Handlowych ;
020 _a8372477868
040 _cBPK
041 0 _apol
080 _a347.722(438)(083.2)
920 _a83-7247-786-8
942 _cKS
008 s pl f |000 0 pol
999 _c43118
_d43118
856 _uhttp://koha.tu.koszalin.pl/cgi-bin/koha/opac-detail.pl?biblionumber=43118
_yKatalog online BPK